LEADER 00821nam a2200205 i 4500 001 000000141239 003 CaOOAMICUS 005 20050712000000.0 008 050712s1913 fr u000 u fre u 013 $a115582 040 $aSeMil$bita 100 1 $aGeny, Paul.$0(OLS)http://semarc/name/7471 245 10$aQuestions d'enseignement de philosophie scolastique /$cpar le père Paul Geny. 260 $aParis :$bBeauchesne,$c1913. 300 $a234 p. ;$c19 cm. 650 4$aFilosofia scolastica - Insegnamento.$0(OLS)http://semarc/subject/812 850 $aSeMil 852 $aSeMil$W1$xVenegono$y1$m2R II 57$j94484$B94484$CSeMilBibl$Z2$F100185 $81 996 $6245$aQuestions d'enseignement de philosophie scolastique$9(OLS)http://semarc/title/206384 996 $6260$aParis :$bBeauchesne$9(OLS)http://semarc/publisher/29638 LEADER 01559nam a2200253 i 4500 001 000000005260 003 CaOOAMICUS 005 20251217130227.0 008 180830s1782 it u000 u ita u 040 $aSeMil$bita 110 2 $aArcidiocesi di Milano.$0(OLS)http://semarc/name/400 245 10$aBreviarium ambrosianum sancti Caroli cardinalis archiepiscopi jussu editum, Joseph cardinalis Puteobonelli Archiepiscopi auctoritate recognitum et denuo impressum. 260 $aMediolani :$bApud Joseph Galeatium & filios impressores archiepiscopales,$c1782. 300 $a3 v. ;$c12°. 650 4$aLibri liturgici - Breviario ambrosiano.$0(OLS)http://semarc/subject/59264 700 1 $aBorromeo, Carlo,$c.$0(OLS)http://semarc/name/3012 700 1 $aPozzobonelli, Giuseppe,$c.$0(OLS)http://semarc/name/3013 710 0 $aGaleazzi, Giuseppe, & figli .$0(OLS)http://semarc/name/3014 774 0 $tPars hyemalis a dominica prima Adventus, usque ad septuagesimam.$g[2$w()91510 774 0 $tPars autumnalis a dominica 7. post Pentecostem, usque ad dominicam primam Adventus.$g[1$w()248025 774 0 $t[Pars vernalis].$g[3$w()248026 996 $6245$aBreviarium ambrosianum sancti Caroli cardinalis archiepiscopi jussu editum, Joseph cardinalis Puteobonelli Archiepiscopi auctoritate recognitum et denuo impressum$9(OLS)http://semarc/title/7422 996 $6260$aMediolani :$bApud Joseph Galeatium & filios impressores archiepiscopales$9(OLS)http://semarc/publisher/31448